000 00892cam a2200241 i 4500
001 4107300
005 19910116130940.2
008 750607s1975 nyu 000 0aeng
010 _a 75017813
020 _a0440052564 :
_c$7.95
040 _aDLC
_cDLC
_dDLC
050 0 0 _aRC263
_b.K43 1975
100 1 _aKelly, Orville E.,
_d1930-
245 1 0 _aMake today count /
_cOrville E. Kelly with Randall Becker ; foreword by Elisabeth Kübler-Ross.
260 _aNew York :
_bDelacorte Press,
_c[1975]
300 _axi, 203 p. ;
_c22 cm.
600 1 0 _aKelly, Orville E.,
_d1930-
650 0 _aCancer
_xPatients
_xBiography.
700 1 _aBecker, Randall,
_ejoint author.
906 _a7
_bcbc
_corignew
_d1
_eocip
_f19
_gy-gencatlg
942 _2lcc
_cBK
999 _c35498
_d35498